Normal view
MARC view
- Mr. Owais Malik
Entry Personal Name
001 - CONTROL NUMBER
- control field: 34560
003 - CONTROL NUMBER IDENTIFIER
- control field: NUST
005 - DATE AND TIME OF LATEST TRANSACTION
- control field: 20201027104613.0
008 - FIXED-LENGTH DATA ELEMENTS
- fixed length control field: 201027|| aca||aabn | a|a d
040 ## - CATALOGING SOURCE
- Original cataloging agency: NUST
- Transcribing agency: NUST
100 ## - HEADING--PERSONAL NAME
- Personal name: Mr. Owais Malik
670 ## - SOURCE DATA FOUND
- Source citation: Work cat.: (NUST): Muhammad Mustafa Saeed , Maheen Khalid : Amaad Rashid 34559, TOCCO- A MULTITOUC SIMULATON FRAMEWORK /, 2007
